000 00751nam a2200241Ia 4500
003 OSt
005 20221005081121.0
006 a|||||r|||| 00| 0
007 ta
008 221004b |||||||| |||| 00| 0 eng d
020 _a8173070903 (hbk)
024 _a121801
037 _bGift, 06/10/2012,
_cTextual
040 _aCRL
_cCRL
_beng
041 _2eng
_aeng
082 _aSigma:f, P4
100 _aSaini M L Ed.
_9506853
245 0 _aResearch methodology and theisi writing
_b Ready reckoner of books present in Delhi University Library
260 _aNew Delhi
_bPragati Publications
_c2004
650 _aRESEARCH METHODS
942 _hSigma:f, P4
_cTEXL
_2cc
999 _c987178
_d987178